The Economics of Financial Inclusion/ (Record no. 166419)
[ view plain ]
| 000 -LEADER | |
|---|---|
| fixed length control field | 00719nam a22002177a 4500 |
| 005 - DATE AND TIME OF LATEST TRANSACTION | |
| control field | 20190723161131.0 |
| 008 - FIXED-LENGTH DATA ELEMENTS--GENERAL INFORMATION | |
| fixed length control field | 190723b ||||| |||| 00| 0 eng d |
| 010 ## - LCCN (DPL NO) | |
| LC control number | ENG-126056 |
| 020 ## - INTERNATIONAL STANDARD BOOK NUMBER | |
| International Standard Book Number | 9789385462184 |
| Terms of availability | 1995.00(hb) |
| 035 ## - SYSTEM CONTROL NUMBER | |
| System control number | EN-109588 |
| 037 ## - SOURCE OF ACQUISITION | |
| Stock number | DBAD/PUB |
| 082 ## - DEWEY DECIMAL CLASSIFICATION NUMBER | |
| Classification number | 332.10954 |
| 100 ## - MAIN ENTRY--PERSONAL NAME | |
| Personal name | Banerjee,Gangadhar {and} Banerji,Srijeet |
| 245 ## - TITLE STATEMENT | |
| Title | The Economics of Financial Inclusion/ |
| Statement of responsibility, etc | by Gangadhar Banerjee |
| 260 ## - PUBLICATION, DISTRIBUTION, ETC. (IMPRINT) | |
| Place of publication, distribution, etc | New Delhi |
| Name of publisher, distributor, etc | Ane Books Pvt.Ltd. |
| Date of publication, distribution, etc | 2019 |
| 270 ## - ADDRESS | |
| Address | 4821,Parwana Bhawan,1st Floor,24 Ansari road,Darya Ganj |
| 300 ## - PHYSICAL DESCRIPTION | |
| Extent | 217p |
| Other physical details | 24cn (hb) |
| 500 ## - GENERAL NOTE | |
| General note | it includes Bibliography. |
| 700 ## - ADDED ENTRY--PERSONAL NAME | |
| Personal name | Banerjee,Gangadhar |
| 942 ## - ADDED ENTRY ELEMENTS (KOHA) | |
| Source of classification or shelving scheme | Dewey Decimal Classification |
| Item type | English Books |
| Edition | BAN |
| Classification part | 332.10954 |
| Call number suffix | BAN |
| Withdrawn status | Lost status | Source of classification or shelving scheme | Damaged status | Not for loan | Collection code | Home library | Current library | Date acquired | Source of acquisition | Cost, normal purchase price | Total Checkouts | Full call number | Barcode | Date last seen | Copy number | Cost, replacement price | Koha item type |
|---|---|---|---|---|---|---|---|---|---|---|---|---|---|---|---|---|---|
| Dewey Decimal Classification | Non-fiction | Andrews Gunj | Andrews Gunj | 23/07/2019 | DBAD/PUB | 1995.00 | 332.10954 | EN-109588 | 23/07/2019 | 1 | 1995.00 | English Books |
